Англо-русско-немецко-французский словарь по электроэнергетике: Свыше 3000 терминов

التفاصيل البيبلوغرافية
المؤلف الرئيسي: Семенов В. А. Владимир Александрович
مؤلفون آخرون: Маркин Н. И. Николай Иванович
اللغة:الإنجليزية
الألمانية
الروسية
الفرنسية
منشور في: Москва, НЦ ЭНАС, 2001
الموضوعات:
التنسيق: MixedMaterials كتاب
KOHA link:https://koha.lib.tpu.ru/cgi-bin/koha/opac-detail.pl?biblionumber=31161

MARC

LEADER 00000nam0a2200000 4500
001 31161
005 20231101210023.0
010 |a 5931960619 
035 |a (RuTPU)RU\TPU\book\31438 
035 |a BOOK00031517 
090 |a 31161 
100 |a 20011209d2001 m y0rusy50 ca 
101 0 |a eng  |a ger  |a rus  |a fre 
102 |a RU 
105 |a a e 000zy 
200 1 |a Англо-русско-немецко-французский словарь по электроэнергетике  |d English-Russian-German-French Dictionary of Power Engineering  |e Свыше 3000 терминов  |f В. А. Семенов, Н. И. Маркин 
210 |a Москва  |c НЦ ЭНАС  |d 2001 
215 |a 282 с. 
510 1 |a English-Russian-German-French Dictionary of Power Engineering 
606 |a Электроэнергетика  |2 stltpush  |3 (RuTPU)RU\TPU\subj\21036  |9 46086 
606 |a Многоязычные словари  |2 stltpush  |3 (RuTPU)RU\TPU\subj\44177  |9 63548 
610 1 |a языкознание 
610 1 |a английский язык 
610 1 |a немецкий язык 
610 1 |a французский язык 
610 1 |a русский язык 
675 |a 621.31(03)  |v 3 
686 |a Ш12-4  |v LBC/SL-A  |2 rubbk 
700 1 |a Семенов  |b В. А.  |g Владимир Александрович 
701 1 |a Маркин  |b Н. И.  |g Николай Иванович 
801 0 |a RU  |b 63413507  |c 20011209  |g PSBO 
801 2 |a RU  |b 63413507  |c 20180823  |g PSBO 
942 |c BK